000 00286nam a22001337a 4500
008 181022b xxu||||| |||| 00| 0 eng d
020 _a9781305675179
041 _aeng
080 _a330
100 _a61
101 _aKON
245 _aPayroll Accouting
_cBieg.b.j
942 _2udc
_cBK
999 _c50495
_d50495